ბათუმის შოთა რუსთაველის სახელმწიფო უნივერსიტეტის ბიბლიოთეკა

მიკრობიოლოგია. (ბიბ.ჩანაწერი № 44408)

000 -ლიდერი
ფიქსირებული სიგრძის საკონტროლო ველი 01098nam a2200217Ia 4500
001 - საკონტროლო ნომერი
საკონტროლო ველი 11174
003 - საკონტროლო ნომრის იდენტიფიკატორი
საკონტროლო ველი GE_BSU
005 - ბოლო ოპერაციის თარიღი და დრო
საკონტროლო ველი 20251226152635.0
008 - ფიქსირებული სიგრძის მონაცემთა ელემენტები - ზოგადი ინფორმაცია
ფიქსირებული სიგრძის საკონტროლო ველი 181216s1974||||ge |||||||||||||| ||geo||
040 ## - კატალოგიზაციის წყარო
Transcribing agency GE_BSU
041 ## - ენის კოდი
Language code of text/sound track or separate title geo
080 ## - უნივერსალური ათობითი კლასიფიკაციის ინდექსი
Universal Decimal Classification number 579(075.8) პ-17
100 ## - მთავარი ჩანაწერი - პიროვნების სახელი
Personal name პანკრატოვი ა.
9 (RLIN) 26620
245 ## - ცნობა სათაურის შესახებ
Title მიკრობიოლოგია.
Remainder of title სახელმძღვ. უმაღლესი სას-სამ. სასწავლებლების ზოოტექნიკური ფაკ-ტის სტუდენტებისათვის /
Statement of responsibility, etc ა. პანკრატოვი, რედ. მ. სულაძე, მთარგმ. ნ. კობიაშვილი
264 ## - წარმოების, გამოცემის, დისტრიბუციის და სხვა ცნობები
გამოცემის, წარმოების, დისტრიბუციის... ადგილი თბილისი:
გამოცემის, წარმოების, დისტრიბუციის... სახელწოდება განათლება,
გამოცემის, წარმოების, დისტრიბუციის... თარიღი 1974.
300 ## - ფიზიკური აღწერა
Extent 415 გვ
Other physical details ილ;
Dimensions .21სმ.
653 ## - INDEX TERM--UNCONTROLLED
Uncontrolled term მიკრობიოლოგია.
700 ## - ADDED ENTRY--PERSONAL NAME
Personal name სულაძე, მ
Relator term რედაქტორი
9 (RLIN) 3155
700 ## - ADDED ENTRY--PERSONAL NAME
Personal name კობიაშვილი, ნ.
Relator term მთარგმნელი
9 (RLIN) 26621
942 ## - ADDED ENTRY ELEMENTS (KOHA)
Koha item type წიგნი
Source of classification or shelving scheme
ეგზემპლარები
ჩამოწერის სტატუსი დაკარგული ეგზემპლარის სტატუსი კლასიფიკაციის წყარო ან თაროზე გაწყობის სქემა დაზიანების სტატუსი არ გაიცემა მუდმივი მდებარეობა (დაცვის ადგილი) ამჟამინდელი ადგილსამყოფელი თაროზე განთავსების ადგილი შეძენის თარიღი ღირებულება, შესყიდვის ნორმალური ფასი სრული შენახვის შიფრი შტრიხკოდი ბოლო ოპერაციის თარიღი ეგზემპლარის მიმდევრობითი ნომერი (კეტერი?) ფასის ძალაში შესვლის თარიღი ეგზემპლარის სახეობა საჯარო შენიშვნა
          აგრარული და მემბრანული ტექნოლოგიების ინსტიტუტის ბიბლიოთეკა აგრარული და მემბრანული ტექნოლოგიების ინსტიტუტის ბიბლიოთეკა წიგნსაცავი 2018-12-17 1.00 579(075.8) პ-17 19032 2018-12-17 19032 2018-12-17 წიგნი 1ლ.64თ.